Central Library OPAC University of Rajshahi

Woodworth & Schlosberg's Experimental psychology / (Record no. 29691)

MARC details
000 -LEADER
fixed length control field 01080nam a2200349 4500
001 - CONTROL NUMBER
control field 29691
003 - CONTROL NUMBER IDENTIFIER
rucl marc code BD-RjUL
005 - DATE AND TIME OF LATEST TRANSACTION
control field 20211209051439.0
008 - FIXED-LENGTH DATA ELEMENTS--GENERAL INFORMATION
fixed length control field 140406s1972 enka b 001 0 eng d
020 ## - INTERNATIONAL STANDARD BOOK NUMBER
International Standard Book Number 0416674607
035 ## - SYSTEM CONTROL NUMBER
System control number (BD-RjUL)29776
System control number 552156
040 ## - CATALOGING SOURCE
Original cataloging agency LC
Language of cataloging eng
Transcribing agency LC
Modifying agency LC
-- BD-RjUL
041 ## - LANGUAGE CODE
Language code of text/sound track or separate title eng
082 0# - DEWEY DECIMAL CLASSIFICATION NUMBER
Classification number 150.724
Classification number 150.724
Author mark and year WOO 1972
245 10 - TITLE STATEMENT
Title Woodworth & Schlosberg's Experimental psychology /
Statement of responsibility, etc. Woodworth [Et ...All]
246 3# - VARYING FORM OF TITLE
Title proper/short title Experimental psychology
250 ## - EDITION STATEMENT
Edition statement 3d ed.
260 ## - PUBLICATION, DISTRIBUTION, ETC. (IMPRINT)
Place of publication, distribution, etc. London :
Name of publisher, distributor, etc. Methuen,
Date of publication, distribution, etc. c.1971[1972].
300 ## - PHYSICAL DESCRIPTION
Pagination xv, 1279 p. :
Illustrations ill. ;
Size 26 cm.
504 ## - BIBLIOGRAPHY, ETC. NOTE
Bibliography, etc Bibliography: p. 1133-1232. and Index
650 #0 - SUBJECT ADDED ENTRY--TOPICAL TERM
Topical term or geographic name as entry element Psychology, Experimental.
9 (RLIN) 90424
700 1# - ADDED ENTRY--PERSONAL NAME
Personal name Schlosberg, Harold,
Dates associated with a name 1904-1964,
Relator term joint author.
Personal name Woodworth, Robert S.
Personal name Kling, J. W.
Fuller form of name (Julius William),
Dates associated with a name 1922-
Personal name Riggs, Lorrin Andrews,
Dates associated with a name 1912-
942 ## - ADDED ENTRY ELEMENTS (KOHA)
Source of classification or shelving scheme Dewey Decimal Classification
Koha item type Books
Holdings
Lost status Source of classification or shelving scheme Damaged status Not for loan Collection code Permanent Location Current Location Shelving location Date acquired Source of acquisition Total Checkouts Full call number Date last seen Date checked out Copy number Koha item type Cost, normal purchase price
  Dewey Decimal Classification     Non-fiction Central Library, University of Rajshahi Central Library, University of Rajshahi   29/01/1973 Britain Gift 1 150.724 WOO 1972 25/05/2017 07/05/2017 C-10 Books  
  Dewey Decimal Classification     Non-fiction Central Library, University of Rajshahi Central Library, University of Rajshahi   29/01/1973 British Councile Gift   150.724 WOO 1972 09/04/2014   C-9 Books  
  Dewey Decimal Classification     Non-fiction Central Library, University of Rajshahi Central Library, University of Rajshahi   29/01/1973 Britan   150.724 WOO 1972 20/04/2014   C-8 Books  
  Dewey Decimal Classification     Non-fiction Central Library, University of Rajshahi Central Library, University of Rajshahi   29/01/1973 BRITAIN   150.724 WOO 1972 22/04/2014   C-7 Books 0.00
  Dewey Decimal Classification     Non-fiction Central Library, University of Rajshahi Central Library, University of Rajshahi   29/01/1973 Britain   150.724 WOO 1972 29/04/2014   C-6 Books 0.00
  Dewey Decimal Classification     Non-fiction Central Library, University of Rajshahi Central Library, University of Rajshahi   17/05/2014   1 150.724 WOO 1971 06/02/2019 22/01/2019 C-4 Books  
  Dewey Decimal Classification     Non-fiction Central Library, University of Rajshahi Central Library, University of Rajshahi   26/06/2014   1 150.724 WOO 1972 21/05/2017 07/05/2017 C-2 Books  
  Dewey Decimal Classification     Non-fiction Central Library, University of Rajshahi Central Library, University of Rajshahi   29/01/1973 Britan   150.724 WOO 1972 20/06/2015   C-3 Books  
  Dewey Decimal Classification   Not For Loan Non-fiction Central Library, University of Rajshahi Central Library, University of Rajshahi Reading Room 10/02/1973 Britain.   150.724 WOO 1972 14/03/2021   C-1 Books  
  Dewey Decimal Classification     Non-fiction Central Library, University of Rajshahi Central Library, University of Rajshahi Reading Room 10/02/1973 Britain.   150.724 WOO 1972 14/03/2021   C-5 Books  
  Dewey Decimal Classification     Non-fiction Central Library, University of Rajshahi Central Library, University of Rajshahi General Stacks 15/07/2025     150.724 WOO 1972 15/07/2025   C-11 Books